• 首页
  • 本馆介绍
  • 公告通知
  • 最新文献
  • 馆藏检索
  • 电子资源
  • 读者导购
  • 参考咨询
  • 我的图书馆
  • 登录
  • 详细信息显示
  • 放入我的书架
  • 预约/预借图书
  • 作者相关作品
  • 分类相关作品
  • 丛书相关作品
  • 出版社相关作品

书目信息

  • 表格格式
  • 工作单格式
  • 卡片格式
题名:
日本社会文化探索
    
 
作者: 王婷 , 韩雪 著
分册:  
出版信息: 天津   天津人民出版社  2019.7
页数: 229页
开本: 24cm
丛书名:
单 册:
中图分类: G131.32
科图分类:
主题词: 文化研究--wen hua yan jiu--日本
电子资源:
ISBN: 978-7-201-14914-1
000 00968nam0 2200241 450
001 2131760729
005 20210930094427.0
010    @a978-7-201-14914-1@dCNY68.00
100    @a20191226d2019 em y0chiy50 ea
101 0  @achi
102    @aCN@b120000
105    @aa z 000yy
106    @ar
200 1  @a日本社会文化探索@Ari ben she hui wen hua tan suo@f王婷,韩雪著
210    @a天津@c天津人民出版社@d2019.7
215    @a229页@c图@d24cm
330    @a本书共有十一章内容,从日本文明的开始入手,将日本社会文化与中日文化交流的大背景结合起来,详细分析了中日文化的交流、日本人的心理结构、日本的道文化、日本的和服与饮食文化、日本的婚丧礼仪文化、日本的文学绘画艺术、日本的表演艺术、日本现代文化的代表——动漫文化、日本的园林艺术以及日本的教育等方面的内容。
606 0  @a文化研究@Awen hua yan jiu@y日本
690    @aG131.32@v5
701  0 @a王婷@Awang ting@4著
701  0 @a韩雪@Ahan xue@4著
801  0 @aCN@b百万庄@c20210930
905    @b1304058-061@dG131.32@e330@f4
    
    日本社会文化探索/王婷,韩雪著.-天津:天津人民出版社,2019.7
    229页:图;24cm
    
    
    ISBN 978-7-201-14914-1:CNY68.00
    本书共有十一章内容,从日本文明的开始入手,将日本社会文化与中日文化交流的大背景结合起来,详细分析了中日文化的交流、日本人的心理结构、日本的道文化、日本的和服与饮食文化、日本的婚丧礼仪文化、日本的文学绘画艺术、日本的表演艺术、日本现代文化的代表——动漫文化、日本的园林艺术以及日本的教育等方面的内容。
●
相关链接 在E读中查询图书 在五车中查询图书 在当当中查询图书 在豆瓣中查询图书


正题名:日本社会文化探索     索取号:G131.32/330         预约/预借

序号 登录号 条形码 馆藏地/架位号 状态 备注
1 1304058   213040582   第一样本阅览室/ [索取号:G131.32/330] 在馆    
2 1304059   213040591   第四借阅区/ [索取号:G131.32/330] 在馆    
3 1304060   213040608   第四借阅区/ [索取号:G131.32/330] 在馆    
4 1304061   213040617   第四借阅区/ [索取号:G131.32/330] 在馆    
唐山师范学院图书馆 欢迎您!
大连网信软件有限公司© 版权所有